000 00406nam a2200169Ia 4500
008 230524s9999 xx 000 0 und d
020 _a812190420X
082 _a621.38
_bSED
100 _aR.S.Sedha
245 2 _aA Text Book of Applied Electronics
250 _a13TH
260 _aNEW DELHI
_bS.Chand
_c2004
300 _aVIII;680
500 _aQuantity Number: 7
650 _aElectronics
942 _cBK
999 _c763
_d763